Most Hottest Countries - Statistics

General Stats
  • This quiz has been taken 17 times
  • The average score is 9 of 15
Answer Stats
Temperature Answer % Correct
49.6°C Egypt
93%
52.0°C Saudi Arabia
86%
53.7°C Iran
79%
51.0°C India
71%
53.9°C Iraq
71%
50.8°C Oman
71%
50.4°C Qatar
71%
54.0°C Kuwait
64%
48.8°C Libya
57%
53.7°C Pakistan
57%
49.7°C Sudan
57%
50.4°C Bahrain
50%
52.1°C Uae
50%
50.3°C Tunisia
29%
51.3°C Algeria
21%
No matching quizzes found
Score Distribution
Percent of People with Each Score
Percentile by Number Answered
Your Score History
You have not taken this quiz